La integración latinoamericana: visiones regionales y subregionales /

Saved in:
Bibliographic Details
Main Author: Solís, Luis Guillermo
Other Authors: Rojas Aravena, Francisco
Format: Unknown
Published: San José: Juricentro. OBREAL. FLACSO
Subjects:
Tags: Add Tag
No Tags, Be the first to tag this record!

MARC

LEADER 00000 a2200000 04500
001 35890
003
008 991231s d
040
090 |a 0001 S687i  
100 |a Solís, Luis Guillermo  
245 |a La integración latinoamericana: visiones regionales y subregionales /  |c Luis Guillermo Solís 
260 |a San José:   |b Juricentro. OBREAL. FLACSO  
300 |a 378 p.  
650 |a COOPERACION INTERNACIONAL  
650 |a DEMOCRACIA  
650 |a DERECHOS HUMANOS  
650 |a TERRORISMO  
650 |a ENERGIA  
650 |a COMERCIO  
650 |a EMPLEO  
650 |a POBREZA  
650 |a MIGRACION  
650 |a EDUCACION  
650 |a AMERICA LATINA  
650 |a UNION EUROPEA  
700 |a   
700 |a Rojas Aravena, Francisco  
700 |a   
999 |c 8815  |d 8815